00429nam a2200157Ia 450000500170000000800410001708200200005810000260007824500670010426000350017130000110020665000130021765000140023065000120024465000150025620250130055132.0240331s9999 xx 000 0 und d bFEM2193a305.4 aFeminist Study Circle 0aFeminism is Relevant:bPart 1: History, Politics and Economics aColombobFeminist Study Circle a22 p., aFeminism aEconomics aHistory aEmployment